[Event "26. Copenhagen Open  (Politiken Cup)"]
[Site "Taastrup"]
[Date "2004.07.30"]
[Round "8"]
[White "Jensen, Soren G"]
[Black "Aandal, Kristian"]
[Result "1/2-1/2"]
[WhiteElo "2090"]
[BlackElo "1927"]
[PlyCount "141"]
[EventDate "2004.07.24"]
[EventType "swiss"]
[EventRounds "10"]
[EventCountry "DEN"]
[SourceDate "2004.01.01"]

1. d4 Nf6 2. c4 c5 3. d5 e6 4. Nc3 exd5 5. cxd5 d6 6. e4 g6 7. f4 Qe7 8. Bd3
Bg7 9. Nf3 Bg4 10. O-O Bxf3 11. Qxf3 O-O 12. Bd2 a6 13. a4 Qc7 14. Kh1 Nbd7 15.
Rae1 Rab8 16. g4 c4 17. Be2 b5 18. axb5 axb5 19. g5 Ne8 20. f5 b4 21. f6 bxc3
22. fxg7 Nxg7 23. Bxc3 Ne5 24. Qh3 Qe7 25. Qh4 h5 26. Qf4 Rb7 27. Ra1 Re8 28.
Ra6 Nd7 29. Bf3 Nc5 30. Rxd6 Nxe4 31. Bxe4 Qxe4+ 32. Qxe4 Rxe4 33. Ra1 Re8 34.
Ra4 Nf5 35. Rda6 Rd7 36. Ra8 Rdd8 37. Rxd8 Rxd8 38. Rxc4 Ne3 39. Bf6 Ra8 40.
Rc1 Nxd5 41. Bd4 Nf4 42. Be3 Nd3 43. Rb1 Rb8 44. Bd4 Rb4 45. Bf6 Rg4 46. h3 Rb4
47. Kg1 Rb8 48. Rd1 Nc5 49. Rd8+ Rxd8 50. Bxd8 Nb3 51. Be7 Kg7 52. Kf2 Na5 53.
b4 Nc6 54. Bc5 f5 55. b5 Nd8 56. Be7 Nb7 57. Ke3 Kf7 58. Bb4 Ke6 59. Kd4 Nd6
60. b6 Nb7 61. Kc4 f4 62. Kd4 Kf5 63. Be7 Na5 64. Kd5 f3 65. Bc5 Kxg5 66. Bf2
Kf4 67. Kc5 g5 68. Kb5 Nb7 69. Kc6 Na5+ 70. Kb5 Nb7 71. Kc6 1/2-1/2

[Event "26. Copenhagen Open  (Politiken Cup)"]
[Site "Taastrup"]
[Date "2004.07.30"]
[Round "8"]
[White "Jorgensen, Dennis"]
[Black "Bering, Anders"]
[Result "1-0"]
[WhiteElo "2180"]
[BlackElo "2084"]
[PlyCount "45"]
[EventDate "2004.07.24"]
[EventType "swiss"]
[EventRounds "10"]
[EventCountry "DEN"]
[SourceDate "2004.01.01"]

1. Nf3 Nf6 2. d4 e6 3. c4 d5 4. Nc3 dxc4 5. e3 a6 6. a4 c5 7. Bxc4 Nc6 8. O-O
Be7 9. Qe2 O-O 10. Rd1 cxd4 11. exd4 Nb4 12. Bg5 Nfd5 13. Bxe7 Nxe7 14. Ne5
Ned5 15. Ne4 b6 16. Ra3 Bb7 17. Rg3 Nf4 18. Qg4 Ng6 19. Ng5 Nd5 20. Nxh7 Qh4
21. Qxh4 Nxh4 22. Bxd5 Bxd5 23. Nf6+ 1-0

[Event "26. Copenhagen Open  (Politiken Cup)"]
[Site "Taastrup"]
[Date "2004.07.30"]
[Round "8"]
[White "Jorgensen, Gert"]
[Black "Romsdal, Trond"]
[Result "1/2-1/2"]
[WhiteElo "2087"]
[BlackElo "2212"]
[PlyCount "107"]
[EventDate "2004.07.24"]
[EventType "swiss"]
[EventRounds "10"]
[EventCountry "DEN"]
[SourceDate "2004.01.01"]

1. d4 d5 2. Nf3 Nf6 3. g3 Bf5 4. Bg2 c6 5. O-O Nbd7 6. b3 e6 7. c4 Bd6 8. Ba3
Bxa3 9. Nxa3 O-O 10. Nh4 Bg4 11. h3 Bh5 12. Nf3 Qe7 13. Nc2 Ne4 14. cxd5 exd5
15. e3 Rae8 16. Qe1 f5 17. Nb4 g5 18. Nh2 f4 19. exf4 gxf4 20. g4 Bg6 21. Nc2
Ng5 22. Qxe7 Rxe7 23. Rfc1 Re2 24. Ne1 Ne4 25. f3 Ng5 26. Bf1 Re3 27. h4 Ne6
28. Rd1 h6 29. Rac1 Ng7 30. Ng2 Re6 31. Kf2 Rf7 32. Re1 Nf8 33. Be2 Ne8 34. b4
Nd6 35. a4 a6 36. Nf1 b5 37. Rxc6 Ne4+ 38. fxe4 Rxc6 39. axb5 axb5 40. Bxb5
Rc2+ 41. Re2 Rxe2+ 42. Bxe2 Bxe4 43. Nd2 Kg7 44. Nxe4 dxe4 45. b5 f3 46. Bc4
Rd7 47. Ne3 Ng6 48. Bd5 Nxh4 49. b6 Rd6 50. b7 Rb6 51. Bxe4 Ng6 52. Kxf3 Nf8
53. Nf5+ Kg6 54. Kf4 1/2-1/2

[Event "26. Copenhagen Open  (Politiken Cup)"]
[Site "Taastrup"]
[Date "2004.07.30"]
[Round "8"]
[White "Kallenbach, Uffe"]
[Black "Jensen, Jannick"]
[Result "0-1"]
[WhiteElo "1445"]
[BlackElo "1994"]
[PlyCount "42"]
[EventDate "2004.07.24"]
[EventType "swiss"]
[EventRounds "10"]
[EventCountry "DEN"]
[SourceDate "2004.01.01"]

1. d4 Nf6 2. c4 g6 3. Nf3 Bg7 4. Nc3 d6 5. e4 O-O 6. h3 e5 7. Be3 Nc6 8. d5 Ne7
9. Be2 Kh8 10. O-O Nfg8 11. Nd2 f5 12. f4 Bh6 13. g3 fxe4 14. Kh2 Nf5 15. Bg1
exf4 16. g4 Ng3 17. Bd4+ Bg7 18. Bxg7+ Kxg7 19. Rxf4 Rxf4 20. Kxg3 Qf6 21.
Ndxe4 Qe5 0-1

[Event "26. Copenhagen Open  (Politiken Cup)"]
[Site "Taastrup"]
[Date "2004.07.30"]
[Round "8"]
[White "Lahlum, Hans Olav"]
[Black "Rasmussen, Karsten"]
[Result "0-1"]
[WhiteElo "2254"]
[BlackElo "2470"]
[PlyCount "118"]
[EventDate "2004.07.24"]
[EventType "swiss"]
[EventRounds "10"]
[EventCountry "DEN"]
[SourceDate "2004.01.01"]

1. d4 Nf6 2. c4 d6 3. Nc3 Nbd7 4. e4 e5 5. d5 Nc5 6. Qc2 a5 7. Nf3 g6 8. Be2
Bg7 9. O-O O-O 10. b3 Nh5 11. a3 f5 12. Bg5 Bf6 13. Bxf6 Qxf6 14. b4 axb4 15.
axb4 Rxa1 16. Rxa1 Nxe4 17. Nxe4 fxe4 18. Qxe4 Nf4 19. Bf1 Bg4 20. Ra2 h5 21.
Qe3 Nxg2 22. Bxg2 Bxf3 23. Bxf3 Qxf3 24. Qxf3 Rxf3 25. Ra8+ Kg7 26. Rc8 Rf7 27.
c5 dxc5 28. bxc5 Rd7 29. Kg2 b6 30. c6 Rxd5 31. Rxc7+ Kf6 32. Rb7 b5 33. c7 Rc5
34. Rxb5 Rxc7 35. Rb3 Rc4 36. Kg3 Rg4+ 37. Kf3 e4+ 38. Ke2 Kg5 39. Kf1 Kf4 40.
Ra3 Rg5 41. Rb3 Rd5 42. Kg2 Rd2 43. Ra3 g5 44. h3 Rd5 45. Rb3 h4 46. Ra3 g4 47.
hxg4 Rd3 48. Ra4 h3+ 49. Kh2 Kf3 50. Kxh3 Kxf2+ 51. Kh4 e3 52. Rf4+ Kg2 53. Kh5
e2 54. Re4 Kf3 55. Rxe2 Kxe2 56. g5 Kf3 57. g6 Kf4 58. g7 Kf5 59. Kh6 Rh3# 0-1

[Event "26. Copenhagen Open  (Politiken Cup)"]
[Site "Taastrup"]
[Date "2004.07.30"]
[Round "8"]
[White "Larsen, Alex"]
[Black "Auchenberg, Einar"]
[Result "0-1"]
[WhiteElo "1182"]
[BlackElo "1486"]
[PlyCount "60"]
[EventDate "2004.07.24"]
[EventType "swiss"]
[EventRounds "10"]
[EventCountry "DEN"]
[SourceDate "2004.01.01"]

1. g3 Nf6 2. c3 e5 3. Bg2 d5 4. d4 e4 5. Bg5 h6 6. Bxf6 Qxf6 7. e3 c6 8. Qb3
Nd7 9. Ne2 Bd6 10. Nd2 a5 11. c4 a4 12. Qc2 Bb4 13. cxd5 Bxd2+ 14. Qxd2 cxd5
15. Qb4 Qb6 16. Qa3 Qa5+ 17. Qc3 O-O 18. O-O b5 19. b4 Qd8 20. a3 Nb6 21. Rac1
Nc4 22. Nf4 g5 23. Ne2 Bg4 24. Qc2 Bf3 25. Bxf3 exf3 26. Nc3 Qd7 27. Nxd5 Qh3
28. Nf6+ Kg7 29. Nh5+ Kh8 30. Nf4 gxf4 0-1

[Event "26. Copenhagen Open  (Politiken Cup)"]
[Site "Taastrup"]
[Date "2004.07.30"]
[Round "8"]
[White "Larsen, Allan"]
[Black "Skjoldan, Benjamin"]
[Result "0-1"]
[WhiteElo "2158"]
[BlackElo "2080"]
[PlyCount "56"]
[EventDate "2004.07.24"]
[EventType "swiss"]
[EventRounds "10"]
[EventCountry "DEN"]
[SourceDate "2004.01.01"]

1. e4 c5 2. d3 e6 3. g3 g6 4. Bg2 Bg7 5. f4 d6 6. Nf3 Nc6 7. O-O Nge7 8. c3 O-O
9. Na3 Rb8 10. Be3 b5 11. Nc2 b4 12. d4 Ba6 13. Re1 bxc3 14. bxc3 cxd4 15. cxd4
Rb2 16. e5 dxe5 17. fxe5 Qa5 18. Ng5 Nd5 19. Be4 Nde7 20. Bd2 Qa4 21. Rc1 Rxa2
22. g4 Bc4 23. Qf3 Bb3 24. Qh3 h6 25. Nf3 Bxc2 26. Rxc2 Rxc2 27. Bxh6 Rc3 28.
Kg2 Rb8 0-1

[Event "26. Copenhagen Open  (Politiken Cup)"]
[Site "Taastrup"]
[Date "2004.07.30"]
[Round "8"]
[White "Larsen, Karsten"]
[Black "Petersen, Peter Birk"]
[Result "1-0"]
[WhiteElo "2302"]
[BlackElo "2214"]
[PlyCount "81"]
[EventDate "2004.07.24"]
[EventType "swiss"]
[EventRounds "10"]
[EventCountry "DEN"]
[SourceDate "2004.01.01"]

1. e4 c5 2. Nf3 e6 3. Nc3 Nc6 4. Bb5 Nge7 5. O-O Nd4 6. Bc4 Nec6 7. d3 Be7 8.
Nxd4 cxd4 9. Ne2 Qb6 10. a4 d6 11. f4 g6 12. f5 gxf5 13. exf5 d5 14. Bb3 Bd7
15. Nf4 O-O-O 16. a5 Qc5 17. a6 Bd6 18. axb7+ Kxb7 19. fxe6 fxe6 20. Bd2 Rhg8
21. Qe2 Bxf4 22. Bxf4 Rg6 23. Ba4 Ne7 24. Bxd7 Rxd7 25. Rf2 Nc6 26. Qh5 Qf8 27.
Raf1 Qg8 28. Bg3 Kb6 29. Rf8 Qg7 30. R1f2 Rg5 31. Qe2 Rg6 32. Qf1 Ne5 33. Qe1
Nc6 34. Qe2 Qh6 35. Qf1 Rdg7 36. R8f7 Rxf7 37. Rxf7 Qe3+ 38. Kh1 Ne5 39. Bf4
Nxf7 40. Bxe3 dxe3 41. Qxf7 1-0

[Event "26. Copenhagen Open  (Politiken Cup)"]
[Site "Taastrup"]
[Date "2004.07.30"]
[Round "8"]
[White "Laursen, Steen"]
[Black "Sandbech, Ted"]
[Result "0-1"]
[WhiteElo "1302"]
[BlackElo "1839"]
[PlyCount "112"]
[EventDate "2004.07.24"]
[EventType "swiss"]
[EventRounds "10"]
[EventCountry "DEN"]
[SourceDate "2004.01.01"]

1. e4 d5 2. exd5 Qxd5 3. Nc3 Qa5 4. d4 c6 5. Bd2 Qc7 6. Bc4 Nf6 7. Nge2 Bg4 8.
f3 Bh5 9. Bf4 Qd8 10. O-O e6 11. Bg3 Be7 12. Bb3 O-O 13. Kh1 Nbd7 14. Qd2 Nd5
15. Ne4 N7f6 16. Nf2 Bg6 17. a3 Nh5 18. Ne4 f5 19. Nc5 Bxc5 20. dxc5 f4 21. Bf2
Qe7 22. c4 Nc7 23. Qb4 Na6 24. Qa5 Bd3 25. Nc3 Bxf1 26. Rxf1 Rad8 27. Ne4 Rf5
28. Bc2 Rff8 29. Nd6 Rb8 30. Re1 Qf6 31. Rb1 Qh6 32. Re1 Ng3+ 33. Kg1 Nf5 34.
Ne4 Ne3 35. Ba4 Kh8 36. Qc3 Nf5 37. b4 Rbd8 38. b5 cxb5 39. Bxb5 Nc7 40. Ba4
Ne8 41. Qb2 Qg6 42. Bc2 Rf7 43. Bb1 Rfd7 44. a4 Rd1 45. Nd6 Rxe1+ 46. Bxe1
Nexd6 47. cxd6 Rxd6 48. Qxb7 Qe8 49. Bc3 Rb6 50. Qe4 Rd6 51. Bc2 Rd8 52. Qxf4
Qc6 53. Qg5 Qc5+ 54. Kh1 Qe7 55. Qc1 Qh4 56. Ba5 Ng3+ 0-1

[Event "26. Copenhagen Open  (Politiken Cup)"]
[Site "Taastrup"]
[Date "2004.07.30"]
[Round "8"]
[White "Lavrsen, Frands Winther"]
[Black "Skovgaard, Tom"]
[Result "1-0"]
[WhiteElo "1772"]
[BlackElo "2079"]
[PlyCount "49"]
[EventDate "2004.07.24"]
[EventType "swiss"]
[EventRounds "10"]
[EventCountry "DEN"]
[SourceDate "2004.01.01"]

1. f4 d5 2. Nf3 c5 3. e3 Nc6 4. Bb5 a6 5. Bxc6+ bxc6 6. O-O Nf6 7. b3 g6 8. Bb2
Bg7 9. Qe1 O-O 10. d3 Nd7 11. Bxg7 Kxg7 12. c4 Qc7 13. Nc3 Qd6 14. Qh4 f6 15.
e4 d4 16. e5 fxe5 17. fxe5 Nxe5 18. Nxe5 dxc3 19. Rxf8 Kxf8 20. Re1 Qd4+ 21.
Qxd4 cxd4 22. Nxc6 Bf5 23. Nxd4 Bxd3 24. Rc1 Rd8 25. Ne6+ 1-0

[Event "26. Copenhagen Open  (Politiken Cup)"]
[Site "Taastrup"]
[Date "2004.07.30"]
[Round "8"]
[White "Lie, Terje"]
[Black "Joensen, Hjalmar"]
[Result "1-0"]
[WhiteElo "1094"]
[BlackElo "1618"]
[PlyCount "141"]
[EventDate "2004.07.24"]
[EventType "swiss"]
[EventRounds "10"]
[EventCountry "DEN"]
[SourceDate "2004.01.01"]

1. d4 Nf6 2. c4 d5 3. Nc3 g6 4. cxd5 Nxd5 5. e4 Nb6 6. Be3 Bg7 7. Bb5+ Bd7 8.
Bxd7+ N8xd7 9. Nge2 O-O 10. O-O e6 11. b3 Rc8 12. Rc1 c6 13. Qd2 Nf6 14. f3 Qd7
15. Rfd1 Rfe8 16. Bg5 Kh8 17. Qf4 Nh5 18. Qe3 f5 19. e5 Bf8 20. Bh6 Be7 21. Nf4
Nxf4 22. Qxf4 Rg8 23. h4 Qd8 24. Bg5 Bxg5 25. hxg5 h6 26. gxh6 g5 27. Qh2 Rg6
28. Kf2 Kh7 29. g3 Qd7 30. Ne2 Rxh6 31. Qg2 Rh8 32. Rh1 Kg6 33. Rxh6+ Rxh6 34.
Rh1 Qh7 35. Rxh6+ Qxh6 36. Nc3 Qh8 37. f4 Qh6 38. Ke3 Nd7 39. a4 a5 40. Ne2 g4
41. Nc1 Nb6 42. Nd3 Nd5+ 43. Kd2 b6 44. Qg1 Qh3 45. Nf2 Qh6 46. Nd3 Qf8 47. Qc1
Qh6 48. Qg1 Kf7 49. Nb2 Qf8 50. Nd3 Qh6 51. Nb2 b5 52. Nd3 b4 53. Nc5 Nc3 54.
Kd3 Qh3 55. Kd2 Ke7 56. Ke1 Na2 57. Nb7 Nc3 58. Nxa5 Ne4 59. Nxc6+ Kd7 60. Nxb4
Qxg3+ 61. Qxg3 Nxg3 62. d5 Ne4 63. dxe6+ Kxe6 64. Nd3 Kd5 65. a5 Nc3 66. a6 Nb5
67. Nb4+ Kc5 68. Nc2 Kb6 69. e6 Kxa6 70. Ne3 Kb7 71. Nxf5 1-0

[Event "26. Copenhagen Open  (Politiken Cup)"]
[Site "Taastrup"]
[Date "2004.07.30"]
[Round "8"]
[White "Lovik, Lasse Ostebo"]
[Black "Danielsen, Dag"]
[Result "1-0"]
[WhiteElo "1267"]
[BlackElo "1905"]
[PlyCount "65"]
[EventDate "2004.07.24"]
[EventType "swiss"]
[EventRounds "10"]
[EventCountry "DEN"]
[SourceDate "2004.01.01"]

1. e4 c5 2. Nc3 d6 3. f4 g6 4. Bc4 Bg7 5. Nf3 e6 6. O-O Ne7 7. Qe2 a6 8. d3 b5
9. Bb3 Nbc6 10. f5 Nd4 11. Nxd4 Bxd4+ 12. Kh1 O-O 13. Bh6 Re8 14. f6 Nc6 15.
Bg7 Ne5 16. Qd2 Ng4 17. Qg5 h5 18. h3 Be3 19. Qh4 Bh6 20. hxg4 Bxg7 21. gxh5
Ra7 22. g4 d5 23. hxg6 fxg6 24. exd5 Rf7 25. g5 Bxf6 26. Rxf6 Ree7 27. Rxg6+
Rg7 28. Rh6 Rh7 29. Ne4 Rxh6 30. Qxh6 Rh7 31. Nf6+ Qxf6 32. Qxh7+ Kxh7 33. gxf6
1-0

[Event "26. Copenhagen Open  (Politiken Cup)"]
[Site "Taastrup"]
[Date "2004.07.30"]
[Round "8"]
[White "Lund-Petersen, Rasmus"]
[Black "Andersen, Daniel"]
[Result "0-1"]
[WhiteElo "1678"]
[BlackElo "2044"]
[PlyCount "114"]
[EventDate "2004.07.24"]
[EventType "swiss"]
[EventRounds "10"]
[EventCountry "DEN"]
[SourceDate "2004.01.01"]

1. d4 e6 2. c4 f5 3. g3 Nf6 4. Bg2 d5 5. Nf3 c6 6. Qc2 Bd6 7. O-O O-O 8. b3 Qe7
9. Ne5 Nbd7 10. Nd3 Ne4 11. Bf4 g5 12. Bxd6 Qxd6 13. Nd2 Rf7 14. Nf3 h5 15.
Nfe5 Rg7 16. cxd5 exd5 17. f3 Nef6 18. Nxd7 Bxd7 19. Ne5 Rf8 20. h3 f4 21. g4
hxg4 22. hxg4 Ne8 23. Kf2 Nc7 24. Rh1 Ne6 25. Ng6 Nxd4 26. Rh8+ Kf7 27. Qd3
Qxg6 28. Rxf8+ Kxf8 29. Qxd4 b6 30. a4 Qe6 31. b4 Qd6 32. Rd1 Kg8 33. a5 Re7
34. axb6 axb6 35. Qxb6 Qe5 36. Bf1 Qd6 37. Qc5 Qxc5+ 38. bxc5 Re3 39. Rd3 Re6
40. e3 fxe3+ 41. Rxe3 Kf7 42. Bd3 Kf6 43. Bc2 Rxe3 44. Kxe3 Ke5 45. Bb3 Be8 46.
Ke2 Kd4 47. Bc2 Bf7 48. Ba4 Kxc5 49. f4 gxf4 50. Kf3 Kd6 51. Kxf4 c5 52. Bc2
Bg8 53. Bf5 c4 54. g5 d4 55. Bg6 Kd5 56. Bc2 d3 57. Bd1 Kd4 0-1

[Event "26. Copenhagen Open  (Politiken Cup)"]
[Site "Taastrup"]
[Date "2004.07.30"]
[Round "8"]
[White "Lynge, Torben"]
[Black "Gerstoft, Philip"]
[Result "0-1"]
[WhiteElo "1916"]
[BlackElo "1285"]
[PlyCount "80"]
[EventDate "2004.07.24"]
[EventType "swiss"]
[EventRounds "10"]
[EventCountry "DEN"]
[SourceDate "2004.01.01"]

1. e4 c5 2. Bc4 e6 3. Nc3 a6 4. Nf3 b5 5. Be2 Bb7 6. d3 g6 7. Bf4 Bg7 8. Qd2
Ne7 9. Rb1 O-O 10. O-O d5 11. exd5 exd5 12. d4 c4 13. a4 b4 14. Nd1 a5 15. Ne3
Re8 16. Ng4 Nf5 17. Rfe1 Nc6 18. c3 b3 19. Nh6+ Nxh6 20. Bxh6 Bh8 21. Qf4 Re4
22. Qg3 Ne7 23. Ng5 Nf5 24. Nxe4 Nxg3 25. Nxg3 Bc6 26. Bg4 Bxa4 27. Bf3 Bc6 28.
Re2 Bg7 29. Bf4 a4 30. Rbe1 Bf8 31. Bc1 a3 32. bxa3 Bxa3 33. Nf1 Bxc1 34. Rxc1
Ra2 35. Ne3 Rxe2 36. Bxe2 Qa5 37. Nd1 Bd7 38. Rb1 Bf5 39. Rb2 Bc2 40. Ne3 Qa1+
0-1

[Event "26. Copenhagen Open  (Politiken Cup)"]
[Site "Taastrup"]
[Date "2004.07.30"]
[Round "8"]
[White "Malmdin, Nils Ake"]
[Black "Bae, Torstein"]
[Result "0-1"]
[WhiteElo "2187"]
[BlackElo "2269"]
[PlyCount "60"]
[EventDate "2004.07.24"]
[EventType "swiss"]
[EventRounds "10"]
[EventCountry "DEN"]
[SourceDate "2004.01.01"]

1. e4 c5 2. Nf3 Nc6 3. d4 cxd4 4. Nxd4 Nf6 5. Nc3 e6 6. a3 d6 7. Bc4 Be7 8. O-O
O-O 9. Ba2 Bd7 10. Be3 Nxd4 11. Bxd4 Bc6 12. f3 b5 13. Qe2 Qb8 14. Rfd1 Qb7 15.
e5 dxe5 16. Qxe5 Rad8 17. Ne2 Bd5 18. b3 Bd6 19. Qg5 e5 20. Bf2 h6 21. Qe3 e4
22. Nf4 exf3 23. Nxd5 Bxh2+ 24. Kh1 fxg2+ 25. Kxg2 Nxd5 26. Rxd5 Rxd5 27. Kxh2
Rh5+ 28. Kg3 Rg5+ 29. Kh4 Qg2 30. Bg3 Rxg3 0-1

[Event "26. Copenhagen Open  (Politiken Cup)"]
[Site "Taastrup"]
[Date "2004.07.30"]
[Round "8"]
[White "Manley, Christian"]
[Black "Frisk, Hans"]
[Result "0-1"]
[WhiteElo "1670"]
[BlackElo "1960"]
[PlyCount "91"]
[EventDate "2004.07.24"]
[EventType "swiss"]
[EventRounds "10"]
[EventCountry "DEN"]
[SourceDate "2004.01.01"]

1. d4 d5 2. c4 c6 3. Nc3 Nf6 4. Bg5 e6 5. e3 h6 6. Bh4 Be7 7. Nf3 O-O 8. c5 Ne4
9. Bxe7 Qxe7 10. Qc2 f5 11. b4 Nd7 12. a4 e5 13. Kd1 Nxc3+ 14. Qxc3 e4 15. Ne1
f4 16. exf4 Rxf4 17. Qe3 Qf6 18. Ra2 Nf8 19. h3 Ne6 20. g3 Rf5 21. Rd2 Bd7 22.
h4 Rf8 23. Rh2 Qf7 24. Bh3 Rf6 25. Bxe6 Bxe6 26. b5 Qh5+ 27. Kc1 Rf3 28. Nxf3
Rxf3 29. Qe2 Bg4 30. Qe1 Ra3 31. Kb2 Rxa4 32. bxc6 bxc6 33. Qe3 Rb4+ 34. Kc1
Qf7 35. Rb2 Rc4+ 36. Rc2 Rxc2+ 37. Kxc2 Bf3 38. Qb3 h5 39. Qb8+ Kh7 40. Kd2 a5
41. Kc2 Qf5 42. Kb2 Qf6 43. Kc3 a4 44. Qb2 Bd1 45. Qd2 Bb3 46. Qe3 0-1

[Event "26. Copenhagen Open  (Politiken Cup)"]
[Site "Taastrup"]
[Date "2004.07.30"]
[Round "8"]
[White "Marder, Simon"]
[Black "Larsen, Andreas"]
[Result "1/2-1/2"]
[WhiteElo "2054"]
[BlackElo "1537"]
[PlyCount "43"]
[EventDate "2004.07.24"]
[EventType "swiss"]
[EventRounds "10"]
[EventCountry "DEN"]
[SourceDate "2004.01.01"]

1. d4 d5 2. Nc3 c6 3. e4 dxe4 4. Bc4 Nf6 5. f3 exf3 6. Nxf3 Bf5 7. O-O e6 8.
Ne5 Bxc2 9. Nxf7 Kxf7 10. Qg4 Qd7 11. Bg5 b5 12. Bxf6 gxf6 13. Rxf6+ Kxf6 14.
Rf1+ Ke7 15. Qh4+ Ke8 16. Bxe6 Qxe6 17. Re1 Qxe1+ 18. Qxe1+ Be7 19. Qe6 Kd8 20.
Nxb5 Nd7 21. Qxc6 Rc8 22. Qd5 1/2-1/2

[Event "26. Copenhagen Open  (Politiken Cup)"]
[Site "Taastrup"]
[Date "2004.07.30"]
[Round "8"]
[White "Mathiesen, Erik"]
[Black "Laato, Samuli"]
[Result "1-0"]
[WhiteElo "2112"]
[BlackElo "1667"]
[PlyCount "81"]
[EventDate "2004.07.24"]
[EventType "swiss"]
[EventRounds "10"]
[EventCountry "DEN"]
[SourceDate "2004.01.01"]

1. e4 c5 2. Nf3 d6 3. d4 cxd4 4. Nxd4 Nf6 5. Bd3 Nc6 6. Nxc6 bxc6 7. c4 g6 8.
O-O Bg7 9. Be3 Ng4 10. Bc1 Nf6 11. Nc3 O-O 12. Qc2 e6 13. Bg5 h6 14. Bd2 Qc7
15. Rac1 Bb7 16. Bf4 Nh5 17. Be3 f5 18. f3 f4 19. Bf2 Be5 20. c5 dxc5 21. Bxc5
Rfe8 22. Na4 Qd8 23. Bc4 Bd4+ 24. Bxd4 Qxd4+ 25. Kh1 Qf6 26. Rfd1 Rad8 27. Nc5
Bc8 28. Qa4 Qxb2 29. Qxc6 Ng7 30. Bb3 Rd2 31. Rxd2 Qxd2 32. Rd1 Qc3 33. Qd6 Qf6
34. e5 Qf7 35. Ne4 Kh8 36. Nf6 Rf8 37. Qc6 Nf5 38. Qe4 g5 39. Qxf5 exf5 40.
Bxf7 Rxf7 41. Rd8+ 1-0

[Event "26. Copenhagen Open  (Politiken Cup)"]
[Site "Taastrup"]
[Date "2004.07.30"]
[Round "8"]
[White "Miezis, Normunds"]
[Black "Jakobsen, Ole"]
[Result "1-0"]
[WhiteElo "2502"]
[BlackElo "2379"]
[PlyCount "81"]
[EventDate "2004.07.24"]
[EventType "swiss"]
[EventRounds "10"]
[EventCountry "DEN"]
[SourceDate "2004.01.01"]

1. c4 e5 2. Nc3 Bb4 3. g3 Bxc3 4. dxc3 Nc6 5. e4 d6 6. Nf3 Nf6 7. Qe2 h6 8. Bg2
Be6 9. h3 Qd7 10. Nd2 g5 11. Nf1 O-O-O 12. Ne3 Ne7 13. b3 Kb8 14. Ba3 Qc6 15.
Qf3 Nd7 16. Nd5 Bxd5 17. cxd5 Qa6 18. Bc1 Rdf8 19. Bf1 Qa5 20. b4 Qa4 21. Bd3
f5 22. Qe2 a6 23. f3 f4 24. g4 Nf6 25. b5 axb5 26. Bxb5 Qa7 27. Rb1 Nc8 28. Rb3
Qa5 29. Ba3 Rd8 30. Bc6 Nb6 31. Bb4 Qa6 32. Bb5 Qa7 33. Ra3 Qxa3 34. Bxa3 h5
35. Qg2 Rh6 36. Bb4 Rdh8 37. gxh5 Rxh5 38. Kd1 Nc8 39. a4 Ne7 40. a5 Ng6 41.
Bf1 1-0

[Event "26. Copenhagen Open  (Politiken Cup)"]
[Site "Taastrup"]
[Date "2004.07.30"]
[Round "8"]
[White "Moen, Andreas"]
[Black "Brondum, Eric"]
[Result "1/2-1/2"]
[WhiteElo "2267"]
[BlackElo "2209"]
[PlyCount "50"]
[EventDate "2004.07.24"]
[EventType "swiss"]
[EventRounds "10"]
[EventCountry "DEN"]
[SourceDate "2004.01.01"]

1. d4 d5 2. c4 e5 3. dxe5 d4 4. Nf3 Nc6 5. g3 Nge7 6. Bg2 Ng6 7. O-O Ngxe5 8.
Nbd2 Nxf3+ 9. Nxf3 Be7 10. b3 O-O 11. Bb2 Bf6 12. Qd2 Re8 13. Rad1 Bf5 14. Nxd4
Nxd4 15. Bxd4 Bxd4 16. Qxd4 Qxd4 17. Rxd4 Rxe2 18. Bxb7 Rb8 19. Ra1 Kf8 20. Bf3
Rb2 21. Kg2 Be6 22. c5 Rb5 23. c6 Rc5 24. Ra4 Rcc2 25. Rf1 Rxa2 1/2-1/2

[Event "26. Copenhagen Open  (Politiken Cup)"]
[Site "Taastrup"]
[Date "2004.07.30"]
[Round "8"]
[White "Moller, Arne"]
[Black "Moberg, Jan Rune"]
[Result "1-0"]
[WhiteElo "1936"]
[BlackElo "1525"]
[PlyCount "67"]
[EventDate "2004.07.24"]
[EventType "swiss"]
[EventRounds "10"]
[EventCountry "DEN"]
[SourceDate "2004.01.01"]

1. e4 e5 2. Nf3 d6 3. d4 Nd7 4. Bc4 c6 5. O-O Be7 6. c3 b5 7. Bd3 a6 8. b3 Ngf6
9. Bb2 Qc7 10. Nbd2 Bb7 11. Rc1 Rd8 12. c4 b4 13. Re1 c5 14. d5 Nf8 15. a3 a5
16. axb4 axb4 17. Ra1 Ng6 18. g3 Rb8 19. Nf1 Bc8 20. Ne3 O-O 21. Nf5 Re8 22.
Qd2 Bf8 23. Ra4 Qd8 24. Bc2 Ne7 25. Nxd6 Qxd6 26. Bxe5 Qb6 27. Bxb8 Qxb8 28. e5
Ng4 29. d6 Rd8 30. dxe7 Rxd2 31. Bxh7+ Kxh7 32. exf8=Q Rxf2 33. Qxf7 Rb2 34.
Ra7 1-0

[Event "26. Copenhagen Open  (Politiken Cup)"]
[Site "Taastrup"]
[Date "2004.07.30"]
[Round "8"]
[White "Moller, Frederik Oest"]
[Black "Zyde, Fadmal"]
[Result "0-1"]
[WhiteElo "1832"]
[BlackElo "1522"]
[PlyCount "60"]
[EventDate "2004.07.24"]
[EventType "swiss"]
[EventRounds "10"]
[EventCountry "DEN"]
[SourceDate "2004.01.01"]

1. e4 e5 2. Nf3 Nc6 3. Nc3 Nf6 4. Bb5 d6 5. d4 exd4 6. Nxd4 Bd7 7. O-O Be7 8.
h3 O-O 9. Nxc6 bxc6 10. Bd3 g6 11. Bh6 Re8 12. f4 Nh5 13. Qf3 Bh4 14. Ne2 Rb8
15. g4 Ng7 16. b3 c5 17. Bc4 Bc6 18. Nc3 Bf6 19. g5 Bd4+ 20. Kg2 Nh5 21. Bd5
Bxc3 22. Qxc3 Bxd5 23. exd5 Re2+ 24. Rf2 Qe7 25. Qf3 Re3 26. Qd1 Qe4+ 27. Kg1
Rxh3 28. Rh2 Qe3+ 29. Rf2 Rh1+ 30. Kxh1 Qxf2 0-1

[Event "26. Copenhagen Open  (Politiken Cup)"]
[Site "Taastrup"]
[Date "2004.07.30"]
[Round "8"]
[White "Mossin, Ivar Alexander"]
[Black "Laato, Tuomas"]
[Result "1/2-1/2"]
[WhiteElo "1000"]
[BlackElo "1394"]
[PlyCount "79"]
[EventDate "2004.07.24"]
[EventType "swiss"]
[EventRounds "10"]
[EventCountry "DEN"]
[SourceDate "2004.01.01"]

1. e4 e5 2. Nf3 Nc6 3. Bc4 Nf6 4. Ng5 d5 5. exd5 Nxd5 6. Nxf7 Kxf7 7. Qf3+ Ke6
8. Nc3 Nd4 9. Bxd5+ Kd6 10. Qd3 c6 11. Be4 Kc7 12. Ne2 Bc5 13. c3 Nxe2 14. Qxe2
Qh4 15. g3 Qf6 16. O-O h5 17. Qf3 Qe6 18. d3 Qh3 19. Be3 Bxe3 20. fxe3 h4 21.
gxh4 Qxh4 22. Qg3 Qh6 23. Qxe5+ Kb6 24. Qf4 Qh5 25. Rf2 g5 26. Qg3 Bd7 27. Raf1
g4 28. d4 Rae8 29. Bd3 Qh6 30. e4 Be6 31. b3 Qh3 32. Qxh3 Rxh3 33. Rd2 g3 34.
hxg3 Rxg3+ 35. Kf2 Rg7 36. Ke1 c5 37. d5 Bxd5 38. Kd1 Bxe4 39. Bxe4 Rxe4 40.
Re1 1/2-1/2

[Event "26. Copenhagen Open  (Politiken Cup)"]
[Site "Taastrup"]
[Date "2004.07.30"]
[Round "8"]
[White "Munk, Poul"]
[Black "Hyldkrog, Mikkel"]
[Result "1-0"]
[WhiteElo "1992"]
[BlackElo "1591"]
[PlyCount "101"]
[EventDate "2004.07.24"]
[EventType "swiss"]
[EventRounds "10"]
[EventCountry "DEN"]
[SourceDate "2004.01.01"]

1. c4 Nf6 2. Nc3 e6 3. e4 Bb4 4. e5 Ng8 5. d4 Ne7 6. Nf3 d5 7. exd6 cxd6 8. Bd2
O-O 9. a3 Bxc3 10. Bxc3 d5 11. c5 b6 12. b4 bxc5 13. dxc5 Qc7 14. Bd3 Nd7 15.
Qe2 Ng6 16. O-O Nf4 17. Qc2 Nxd3 18. Qxd3 a5 19. Ng5 g6 20. Nxh7 Re8 21. Nf6+
Nxf6 22. Bxf6 Qf4 23. Bc3 Bb7 24. b5 e5 25. c6 Bxc6 26. bxc6 d4 27. Bd2 Qf6 28.
Rfc1 Kg7 29. Qg3 Qd6 30. Rc4 Rec8 31. Rac1 Ra6 32. c7 Ra7 33. Rc6 Raxc7 34.
Rxc7 Rxc7 35. Rxc7 Qxc7 36. h4 Qc5 37. h5 e4 38. hxg6 fxg6 39. Qg5 Qxg5 40.
Bxg5 a4 41. Kf1 Kf7 42. Ke2 Ke6 43. f3 Kf5 44. fxe4+ Kxe4 45. Kd2 Kf5 46. Bd8
Ke4 47. Bc7 g5 48. Bg3 g4 49. Bc7 Kd5 50. Kd3 Kc6 51. Be5 1-0